| 000 -LEADER |
| fixed length control field |
00607cam a22002291 4500 |
| 001 - CONTROL NUMBER |
| control field |
6883652 |
| 005 - DATE AND TIME OF LATEST TRANSACTION |
| control field |
20180220093912.0 |
| 008 - FIXED-LENGTH DATA ELEMENTS--GENERAL INFORMATION |
| fixed length control field |
820202s1933 nyu 000 0 eng |
| 010 ## - LIBRARY OF CONGRESS CONTROL NUMBER |
| LC control number |
33013774 |
| 035 ## - SYSTEM CONTROL NUMBER |
| System control number |
(OCoLC)8120915 |
| 040 ## - CATALOGING SOURCE |
| Original cataloging agency |
DLC |
| Transcribing agency |
KWiU |
| Modifying agency |
NHemH |
| -- |
DLC |
| 041 ## - LANGUAGE CODE |
| Language code of text/sound track or separate title |
eng |
| 042 ## - AUTHENTICATION CODE |
| Authentication code |
premarc |
| 080 ## - UNIVERSAL DECIMAL CLASSIFICATION NUMBER |
| Universal Decimal Classification number |
316 EST |
| 082 ## - DEWEY DECIMAL CLASSIFICATION NUMBER |
| Edition number |
316 EST |
| 100 1# - Rafti |
| Rafti |
49 |
| 101 ## - Shkurtesa |
| Shkurtesa |
SOC |
| 245 12 - TITLE STATEMENT |
| Title |
A study in social treatment: |
| Statement of responsibility, etc |
by Esther Heath. |
| 740 4# - ADDED ENTRY--UNCONTROLLED RELATED/ANALYTICAL TITLE |
| Uncontrolled related/analytical title |
The approach to the parent. |
| 906 ## - LOCAL DATA ELEMENT F, LDF (RLIN) |
| a |
7 |
| b |
cbc |
| c |
oclcrpl |
| d |
u |
| e |
ncip |
| f |
19 |
| g |
y-gencatlg |
| 942 ## - ADDED ENTRY ELEMENTS (KOHA) |
| Source of classification or shelving scheme |
|
| Item type |
Books |